<?xml version="1.0" encoding="UTF-8"?>
<record
    xmlns:xsi="http://www.w3.org/2001/XMLSchema-instance"
    xsi:schemaLocation="http://www.loc.gov/MARC21/slim http://www.loc.gov/standards/marcxml/schema/MARC21slim.xsd"
    xmlns="http://www.loc.gov/MARC21/slim">

  <leader>00298nam a2200133Ia 4500</leader>
  <datafield tag="100" ind1=" " ind2=" ">
    <subfield code="a">Sonde/B.S </subfield>
  </datafield>
  <datafield tag="942" ind1=" " ind2=" ">
    <subfield code="c">BK</subfield>
  </datafield>
  <datafield tag="654" ind1=" " ind2=" ">
    <subfield code="a">transducers</subfield>
  </datafield>
  <datafield tag="245" ind1=" " ind2=" ">
    <subfield code="a">Transducers and display system</subfield>
  </datafield>
  <datafield tag="260" ind1=" " ind2=" ">
    <subfield code="b">Tata Mc Graw hill</subfield>
    <subfield code="a">New Delhi</subfield>
    <subfield code="c">1981</subfield>
  </datafield>
  <datafield tag="082" ind1=" " ind2=" ">
    <subfield code="a">621.381</subfield>
    <subfield code="b">SON</subfield>
  </datafield>
  <datafield tag="546" ind1=" " ind2=" ">
    <subfield code="a">ENGLISH</subfield>
  </datafield>
  <datafield tag="999" ind1=" " ind2=" ">
    <subfield code="c">27498</subfield>
    <subfield code="d">27498</subfield>
  </datafield>
  <datafield tag="952" ind1=" " ind2=" ">
    <subfield code="0">0</subfield>
    <subfield code="1">0</subfield>
    <subfield code="4">0</subfield>
    <subfield code="7">0</subfield>
    <subfield code="8">CRC</subfield>
    <subfield code="a">CRCE</subfield>
    <subfield code="b">CRCE</subfield>
    <subfield code="c">1425 | 24</subfield>
    <subfield code="d">2023-03-17</subfield>
    <subfield code="e">Progressive Books</subfield>
    <subfield code="i">B91116 dt 13/11/91</subfield>
    <subfield code="l">0</subfield>
    <subfield code="o">621.381 SON</subfield>
    <subfield code="p">3316</subfield>
    <subfield code="r">2023-03-17</subfield>
    <subfield code="w">1991-11-13</subfield>
    <subfield code="y">BK</subfield>
  </datafield>
  <datafield tag="952" ind1=" " ind2=" ">
    <subfield code="0">0</subfield>
    <subfield code="1">0</subfield>
    <subfield code="4">0</subfield>
    <subfield code="7">0</subfield>
    <subfield code="8">CRC</subfield>
    <subfield code="a">CRCE</subfield>
    <subfield code="b">CRCE</subfield>
    <subfield code="c">1425 | 24</subfield>
    <subfield code="d">2023-03-17</subfield>
    <subfield code="e">Progressive Books</subfield>
    <subfield code="i">B91116 dt 13/11/91</subfield>
    <subfield code="l">0</subfield>
    <subfield code="o">621.381 SON</subfield>
    <subfield code="p">3317</subfield>
    <subfield code="r">2023-03-17</subfield>
    <subfield code="w">1991-11-13</subfield>
    <subfield code="y">BK</subfield>
  </datafield>
  <datafield tag="952" ind1=" " ind2=" ">
    <subfield code="0">0</subfield>
    <subfield code="1">0</subfield>
    <subfield code="4">0</subfield>
    <subfield code="7">0</subfield>
    <subfield code="8">CRC</subfield>
    <subfield code="a">CRCE</subfield>
    <subfield code="b">CRCE</subfield>
    <subfield code="c">1425 | 24</subfield>
    <subfield code="d">2023-03-17</subfield>
    <subfield code="e">Progressive Books</subfield>
    <subfield code="i">B91116 dt 13/11/91</subfield>
    <subfield code="l">0</subfield>
    <subfield code="o">621.381 SON</subfield>
    <subfield code="p">3318</subfield>
    <subfield code="r">2023-03-17</subfield>
    <subfield code="w">1991-11-13</subfield>
    <subfield code="y">BK</subfield>
  </datafield>
  <datafield tag="952" ind1=" " ind2=" ">
    <subfield code="0">0</subfield>
    <subfield code="1">0</subfield>
    <subfield code="4">0</subfield>
    <subfield code="7">0</subfield>
    <subfield code="8">CRC</subfield>
    <subfield code="a">CRCE</subfield>
    <subfield code="b">CRCE</subfield>
    <subfield code="c">1425 | 24</subfield>
    <subfield code="d">2023-03-17</subfield>
    <subfield code="e">Progressive Books</subfield>
    <subfield code="i">B91116 dt 13/11/91</subfield>
    <subfield code="l">0</subfield>
    <subfield code="o">621.381 SON</subfield>
    <subfield code="p">3319</subfield>
    <subfield code="r">2023-03-17</subfield>
    <subfield code="w">1991-11-13</subfield>
    <subfield code="y">BK</subfield>
  </datafield>
  <datafield tag="952" ind1=" " ind2=" ">
    <subfield code="0">0</subfield>
    <subfield code="1">0</subfield>
    <subfield code="4">0</subfield>
    <subfield code="7">0</subfield>
    <subfield code="8">CRC</subfield>
    <subfield code="a">CRCE</subfield>
    <subfield code="b">CRCE</subfield>
    <subfield code="c">1425 | 24</subfield>
    <subfield code="d">2023-03-17</subfield>
    <subfield code="l">0</subfield>
    <subfield code="o">621.381 SON</subfield>
    <subfield code="p">3320</subfield>
    <subfield code="r">2023-03-17</subfield>
    <subfield code="w">2023-03-17</subfield>
    <subfield code="y">BK</subfield>
  </datafield>
</record>
